[Event "Vojvodina-ch 2nd"]
[Site "Novi Sad"]
[Date "2011.07.29"]
[Round "8"]
[White "Jozic, Zoran"]
[Black "Djurdjevic, Petar M"]
[Result "0-1"]
[WhiteElo "2030"]
[BlackElo "2167"]
[PlyCount "72"]
[EventDate "2011.07.24"]
[EventType "swiss"]
[EventRounds "9"]
[EventCountry "SRB"]
[SourceTitle "CBM 143 Extra"]
[Source "ChessBase"]
[SourceDate "2011.08.29"]
[SourceVersion "1"]
[SourceVersionDate "2011.08.29"]
[SourceQuality "1"]

1. d4 Nf6 2. c4 c5 3. d5 e6 4. Nc3 exd5 5. Nxd5 Nxd5 6. cxd5 d6 7. e4 g6 8. Bd3 Bg7 9. Ne2 a6 10. Nc3 b5 11. Qe2 0-0 12. 0-0 Nd7 13. f4 Re8 14. Qf3 c4 15. Bc2 Bb7 16. Bd2 b4 17. Ne2 a5 18. Rab1 Ba6 19. Be3 Rc8 20. Rfe1 Nc5 21. Bxc5 Rxc5 22. f5 Be5 23. b3 cxb3 24. Bxb3 Bb5 25. Nf4 Qh4 26. g3 Qg5 27. h4 Qf6 28. Qg4 Bc3 29. fxg6 hxg6 30. Nh5 Qe5 31. Nf4 Bxe1 32. Rxe1 Qd4+ 33. Kh1 Rxe4 34. Rg1 a4 35. Bd1 Re5 36. Qf3 Qe4 0-1

[Event "Vojvodina Cup"]
[Site "Sombor"]
[Date "2008.05.02"]
[Round "2.4"]
[White "Pletl, Akos"]
[Black "Djurdjevic, Petar M"]
[Result "1-0"]
[WhiteElo "2227"]
[BlackElo "2171"]
[PlyCount "71"]
[EventDate "2008.05.01"]
[EventType "team-tourn"]
[EventRounds "5"]
[EventCountry "YUG"]
[SourceTitle "EXT 2011"]
[Source "ChessBase"]
[SourceDate "2010.11.26"]
[SourceVersion "1"]
[SourceVersionDate "2010.11.26"]
[SourceQuality "1"]

1. d4 Nf6 2. c4 c5 3. d5 e6 4. Nc3 exd5 5. cxd5 d6 6. e4 g6 7. f4 Bg7 8. Bb5+ Nfd7 9. a4 0-0 10. Nf3 a6 11. Bd3 Qc7 12. 0-0 Re8 13. Re1 Nf8 14. h3 Nbd7 15. Be3 c4 16. Bf1 Nc5 17. e5 Nb3 18. Ra3 dxe5 19. fxe5 Bxe5 20. Nxe5 Rxe5 21. Qf3 Qe7 22. Qf2 Nd4 23. Raa1 Nc2 24. Bc5 Rxe1 25. Bxe7 Rxa1 26. Qxc2 Bf5 27. Qd2 Bd3 28. Nd1 Bxf1 29. Kxf1 Re8 30. d6 Nd7 31. Kf2 Rxa4 32. Nc3 Rb4 33. Nd5 Rb5 34. Kg1 Rb3 35. Nf6+ Nxf6 36. Bxf6 1-0